| 000 | 00652nam a2200217Ia 4500 | ||
|---|---|---|---|
| 008 | 191130s2006##################000#0#eng## | ||
| 020 | _a9780198568469 | ||
| 040 |
_aACL _cACL |
||
| 082 | _a577 WIL | ||
| 100 | _aWilkinson, David M | ||
| 245 |
_aFundamental processes in ecology : an earth systems approach _cDavid M. Wilkinson |
||
| 250 | _a1st ed | ||
| 260 |
_aOxford _bOxford University Press _c2006 |
||
| 300 | _axi, 182 p. : ill. ; 24 cm | ||
| 500 | _aIncludes bibliographical references and index | ||
| 650 | _aEarth sciences | ||
| 650 | _aEcology | ||
| 990 | _ae842b12cac10000c516ea6c806e95ebd | ||
| 991 | _a248154 | ||
| 999 |
_c264169 _d264169 |
||